000
00258nam a2200109Ia 4500
008
220204s9999 xx 000 0 und d
082
_a
82-3
_b
HEJ
100
_a
Hejinian, J
245
0
_a
Extreme remedies
260
_a
London
_b
John Hejinain
_c
1974
942
_c
BK
999
_c
33905
_d
33905